NCAA Basketball Conference Champions 2017 - Statistics

General Stats
  • This quiz has been taken 39 times
  • The average score is 23 of 62
Answer Stats
Hint Answer % Correct
ACC Tournament Duke
90%
Big 12 Regular Season Kansas
84%
SEC Regular Season Kentucky
81%
SEC Tournament Kentucky
81%
Big Ten Tournament Michigan
81%
ACC Regular Season North Carolina
74%
Big East Regular Season Villanova
71%
Big East Tournament Villanova
71%
PAC12 Regular Season Arizona
68%
PAC12 Tournament Arizona
68%
PAC12 Regular Season (Tie) Oregon
68%
Ivy League Regular Season Princeton
61%
Ivy League Tournament Princeton
61%
West Coast Regular Season Gonzaga
55%
West Coast Tournament Gonzaga
55%
Big Ten Regular Season Purdue
55%
Big 12 Tournament Iowa State
52%
Mountain West Regular Season Nevada
45%
Mountain West Tournament Nevada
45%
MVC Regular Season (Tie) Wichita State
45%
MVC Tournament Wichita State
45%
Atlantic 10 Regular Season Dayton
42%
America East Regular Season Vermont
42%
America East Tournament Vermont
42%
Summit League Regular Season South Dakota
39%
ASun Regular Season Florida Gulf Coast
35%
ASun Tournament Florida Gulf Coast
35%
American Regular Season SMU
35%
American Tournament SMU
35%
WAC Tournament New Mexico State
32%
Big Sky Regular Season North Dakota
32%
Big Sky Tournament North Dakota
32%
Atlantic 10 Tournament Rhode Island
32%
Summit League Tournament South Dakota State
32%
Ohio Valley Regular Season Belmont
29%
Patriot League Regular Season Bucknell
23%
Patriot League Tournament Bucknell
23%
CUSA Regular Season Middle Tennessee
23%
CUSA Tournament Middle Tennessee
23%
CAA Regular Season UNC Wilmington
23%
CAA Tournament UNC Wilmington
23%
MAC Regular Season Akron
19%
MAAC Tournament Iona
19%
Ohio Valley Tournament Jacksonville State
19%
MAC Tournament Kent State
19%
MAAC Regular Season Monmouth
19%
NEC Regular Season Mount St. Mary's
16%
NEC Tournament Mount St. Mary's
16%
Horizon League Tournament Northern Kentucky
16%
Horizon League Regular Season Oakland
16%
Big West Tournament UC Davis
16%
Big West Regular Season UC Irvine
16%
Big South Regular Season Winthrop
16%
Big South Tournament Winthrop
16%
MVC Regular Season Illinois State
13%
Horizon League Regular Season (Tie) Valparaiso
13%
WAC Regular Season CSU Bakersfield
10%
MEAC Regular Season NC Central
10%
MEAC Tournament NC Central
10%
Southland Regular Season New Orleans
10%
Southland Tournament New Orleans
10%
Big South Regular Season (Tie) UNC Asheville
10%
No matching quizzes found
Score Distribution
Percent of People with Each Score
Percentile by Number Answered
Your Score History
You have not taken this quiz